A guide to the Indian tribes of the Pacific Northwest
Αποθηκεύτηκε σε:
| Κύριος συγγραφέας: | |
|---|---|
| Άλλοι συγγραφείς: | |
| Μορφή: | Βιβλίο |
| Γλώσσα: | English |
| Δημοσίευση: |
Norman and London :
University of Oklahoma Press,
c1992
|
| Έκδοση: | Rev. ed. |
| Σειρά: | Civilization of the American Indian series ;
; 173 |
| Θέματα: | |
| Ετικέτες: |
Προσθήκη ετικέτας
Δεν υπάρχουν, Καταχωρήστε ετικέτα πρώτοι!
|
MARC
| LEADER | 00000cam a2200000 i 4500 | ||
|---|---|---|---|
| 001 | 1/25985 | ||
| 008 | 981214s1992 eng d | ||
| 020 | |a 0-8061-2479-2 | ||
| 035 | |l 10037472 | ||
| 040 | |a GR-MY-UA |b gre |e aacr | ||
| 041 | 0 | |a eng | |
| 082 | 0 | |a 979.5 | |
| 100 | 1 | |a Ruby, Robert H. | |
| 245 | 1 | 2 | |a A guide to the Indian tribes of the Pacific Northwest / |c by Robert H. Ruby and John A. Brown; Foreworded by Ronald W. Force |
| 250 | |a Rev. ed. | ||
| 260 | |a Norman and London : |b University of Oklahoma Press, |c c1992 | ||
| 300 | |a 289 p. | ||
| 490 | 1 | |a Civilisation of the American Indian series |v ; 173 | |
| 500 | |a Pronunciation of Pacific Northwest Tribal Names by M. Dale Kinkade | ||
| 504 | |a Includes bibliographical references and index | ||
| 650 | 0 | 0 | |a Indians of North America |z Northwest, Pacific |x Encyclopedias. |
| 700 | 1 | |a Brown, John Arthur. | |
| 830 | 0 | |a Civilization of the American Indian series ; |v ; 173 | |
| 852 | |a INST |b LESVOS |e 19981214 |h 979.5 RUB |p 005100017416 |q 005100017416 |t BK |y 0 | ||
| 901 | |a BIBL-1999-1 | ||
| 909 | |a Λ |b 060802 | ||
| 922 | |a 1ΕΛΗ |b 199811 |c ΚΠΣ/ΤΚ |d ΠΑΠΑΣΩΤΗΡΙΟΥ | ||
| 950 | |a 103-1998-07-27 | ||